| 000 | 00441cam a22001331 4500 | ||
|---|---|---|---|
| 082 |
_a833 _bGOE _cL-29, P-22 |
||
| 100 | 1 |
_aGoethe, Johann Wolfgang von, _946012 |
|
| 245 | 1 | 0 |
_aWilhelm Meister's apprenticeship. _cTranslated by Thomas Carlyle. With a new introd. by Victor Lange. |
| 260 |
_aNew York, _bCollier Books _c[1962] |
||
| 300 |
_a542 p. _c18 cm. |
||
| 526 |
_a0 _b0 _c0 _d833_000000000000000_GOE |
||
| 650 |
_aMCE _9379 |
||
| 942 |
_2ddc _cBK |
||
| 999 |
_c549369 _d549369 |
||